000
00334nam a22001457a 4500
008
230512b ||||| |||| 00| 0 eng d
020
_a
9780131444423
041
_a
eng
080
_2
THIRD EDITION
_a
51
082
_a
51GAY
100
_a
22
101
_a
MATE
245
_a
BEGINNING INTERMEDIATE ALGEBRA
_c
GAY.M.E
942
_2
udc
_c
BK
999
_c
59700
_d
59700